Quick Pick: One-Syllable Presidents Quiz Stats

 Plays Quiz Updated Oct 16, 2019

Score 0/9 Timer 00:15
5 Plays Today
% Correct
George W. Bush
94.9%
George H. W. Bush
94.8%
Gerald Ford
94.3%
James K. Polk
94.2%
Donald Trump
90.6%
Ulysses S. Grant
88.6%
William Howard Taft
86%
Rutherford B. Hayes
82.2%
Franklin Pierce
81.7%

Today's Daily Dose

Missing Word
1940s A-Z

Quick Pick
'S' Athletes

Get the Picture
Depp or Bonham Carter

You're not logged in!

Compare scores with friends on all Sporcle quizzes.
OR
Log In

Sporcle TV

Today on Sporcle TV


Watch our educational content, quiz creation guides, and fun videos on Sporcle TV.

Show Comments

Extras

Top Quizzes Today


Score Distribution

Your Account Isn't Verified!

In order to create a playlist on Sporcle, you need to verify the email address you used during registration. Go to your Sporcle Settings to finish the process.

Report this User

Report this user for behavior that violates our Community Guidelines.

Details: